| 000 | 00584nam a22002417a 4500 | ||
|---|---|---|---|
| 001 | 0167 | ||
| 003 | DO-SdBNP | ||
| 005 | 20160314111754.0 | ||
| 007 | 0167 | ||
| 008 | 151005b 200 1996 xxu 00| 0 spa d | ||
| 020 | _a0590853015 | ||
| 040 |
_aBPMSU _bspa _cBPMSU |
||
| 092 |
_aXXXX _bXXXX |
||
| 100 | 1 | _aKorman, Gordon | |
| 245 | 1 | 4 |
_aThe chicken doesn´t skate / _cGordon Korman |
| 260 |
_aEstados Unidos : _bScholastic, _c1996. |
||
| 300 |
_a197 p : _c20 cm. |
||
| 490 | 1 | _aApple fiction | |
| 830 | 0 | _aApple fiction | |
| 910 | _a144 | ||
| 942 |
_2ddc _cBK |
||
| 956 | _aYngrid Lockward | ||
| 999 |
_c9213 _d9213 |
||